बीच में एक बच्ची / (Record no. 116522)

MARC details
000 -LEADER
fixed length control field 01037nam a22002537a 4500
005 - DATE AND TIME OF LATEST TRANSACTION
control field 20170124103040.0
010 ## - LIBRARY OF CONGRESS CONTROL NUMBER
LC control number B-081671
020 ## - INTERNATIONAL STANDARD BOOK NUMBER
Terms of availability 120.00
International Standard Book Number 8187482036
035 ## - SYSTEM CONTROL NUMBER
System control number B-081671
037 ## - SOURCE OF ACQUISITION
Source of stock number/acquisition Cen Lib/Ret
040 ## - CATALOGING SOURCE
Original cataloging agency DPL
Language of cataloging HN
082 ## - DEWEY DECIMAL CLASSIFICATION NUMBER
Classification number
Item number वर्माश्री
100 ## - MAIN ENTRY--PERSONAL NAME
Personal name वर्मा, श्रीराम
9 (RLIN) 66973
245 ## - TITLE STATEMENT
Title बीच में एक बच्ची /
Statement of responsibility, etc श्रीराम वर्मा
246 ## - VARYING FORM OF TITLE
Title proper/short title Beech mei ek bachci /
Remainder of title by Shreeram Varma
260 ## - PUBLICATION, DISTRIBUTION, ETC. (IMPRINT)
Name of publisher, distributor, etc वाग्देवी प्रकाशन
Place of publication, distribution, etc बीकानेर
Date of publication, distribution, etc 2000
270 ## - ADDRESS
City बीकानेर
Address सुगम निवास, चंद्सागर
Postal code 334001
300 ## - PHYSICAL DESCRIPTION
Extent 144पृ.
Dimensions 20सेमी(सजिल्द )
650 ## - SUBJECT ADDED ENTRY--TOPICAL TERM
Topical term or geographic name as entry element हिंदी साहित्य
General subdivision
Geographic subdivision
9 (RLIN) 66974
650 ## - SUBJECT ADDED ENTRY--TOPICAL TERM
Topical term or geographic name as entry element हिंदी कहानियां
9 (RLIN) 2082
650 ## - SUBJECT ADDED ENTRY--TOPICAL TERM
Topical term or geographic name as entry element Hindi literature
9 (RLIN) 66975
650 ## - SUBJECT ADDED ENTRY--TOPICAL TERM
Topical term or geographic name as entry element Hindi stories
9 (RLIN) 66976
942 ## - ADDED ENTRY ELEMENTS (KOHA)
Source of classification or shelving scheme Dewey Decimal Classification
Koha item type Hindi Books
Classification part
Call number suffix वर्माश्री
Holdings
Withdrawn status Lost status Damaged status Not for loan Home library Current library Date acquired Source of acquisition Cost, normal purchase price Total Checkouts Full call number Barcode Date last seen Copy number Cost, replacement price Price effective from Koha item type Source of classification or shelving scheme Public note
        Central Library Central Library 24/08/2015 Cen Lib/Ref 120.00   क वर्माश्री B-081671 24/08/2015 1 120.00 24/08/2015 Hindi Books    
Written off       Central Library Central Library 02/12/2016 Cen Lib/Ret 120.00   क वर्माश्री B-011430 02/12/2016 2 120.00 02/12/2016 Hindi Books Dewey Decimal Classification Written off on approval by DLB (By Circulation); dtd 15-06-2023

© Delhi Public Library
Hit Counter
free hit counter